MARC

LEADER 00000nam0a2200000 4500
001 25346
005 20231101205649.0
010 |a 5040047967 
035 |a (RuTPU)RU\TPU\book\25582 
035 |a BOOK00025657 
090 |a 25346 
100 |a 20011209d2000 m y0rusy50 ca 
101 0 |a rus 
102 |a RU 
105 |a y j 001zy 
200 1 |a Патопсихология  |f Б. В. Зейгарник 
210 |a Москва  |c ЭКСМО-Пресс  |d 2000 
215 |a 576 с. 
225 1 |a Кафедра психологии 
320 |a Библиогр.: с. 530-573. 
606 1 |a Патопсихология  |x Психология  |2 stltpush  |3 (RuTPU)RU\TPU\subj\71314  |9 85274 
610 1 |a психология 
610 1 |a психиатрия 
610 1 |a патопсихологические исследования 
610 1 |a познавательная деятельность 
610 1 |a личность 
610 1 |a учебные пособия 
686 |a Ю948я73  |v LBC/SL-A  |2 rubbk 
700 1 |a Зейгарник  |b Б. В.  |g Блюма Вульфовна 
801 0 |a RU  |b 63413507  |c 20011209  |g PSBO 
801 2 |a RU  |b 63413507  |c 20120420  |g PSBO 
942 |c BK